| 000 | 00674nam a2200253Ia 4500 | ||
|---|---|---|---|
| 003 | OSt | ||
| 005 | 20220918180810.0 | ||
| 006 | a|||||r|||| 00| 0 | ||
| 007 | ta | ||
| 008 | 220917b |||||||| |||| 00| 0 eng d | ||
| 024 | _a24,211 | ||
| 037 | _cTextual | ||
| 040 |
_aARTS _cARTS _beng |
||
| 041 |
_2eng _aeng |
||
| 082 | _aO111,1J72x, L5 | ||
| 100 |
_aJohnson Ben _915697 |
||
| 245 | 0 | _aPoems ed by Ian Donaldson | |
| 260 |
_aLondon _bOxford University Press _c1975 |
||
| 300 |
_axxii,410p. _ccm. |
||
| 500 | _aBib (p.xxi-xxii) | ||
| 650 | _aENGLISH LITERATURE | ||
| 942 |
_hO111,1J72x, L5 _cTEXL _2CC |
||
| 999 |
_c163189 _d163189 |
||